B59_東京から見て北北西にある市区町村 - Statistics

General Stats
  • This quiz has been taken 21 times
  • The average score is 33 of 45
Answer Stats
東京
からの
方位角
東京
からの
距離
都道府県 種類 市区町村名 % Correct
330.6 57.8 埼玉県 熊谷市
100%
344.3 19.3 埼玉県 さいたま市
93%
335.7 54.2 埼玉県 行田市
93%
330.1 126.3 群馬県 みなかみ町
93%
338.8 208.9 新潟県 長岡市
93%
341.8 231.6 新潟県 燕市
93%
342.5 33.0 埼玉県 上尾市
86%
339.1 36.7 埼玉県 桶川市
86%
337.1 40.1 埼玉県 北本市
86%
338.4 44.4 埼玉県 鴻巣市
86%
342.4 75.3 栃木県 足利市
86%
337.1 85.8 群馬県 桐生市
86%
330.8 121.0 群馬県 沼田市
86%
330.2 159.0 新潟県 湯沢町
86%
334.2 169.3 新潟県 南魚沼市
86%
339.0 183.6 新潟県 魚沼市
86%
331.4 211.9 新潟県 柏崎市
86%
343.1 225.6 新潟県 三条市
86%
346.6 253.7 新潟県 新潟市
86%
345.3 54.9 埼玉県 羽生市
79%
346.7 62.8 群馬県 館林市
79%
333.5 214.8 新潟県 刈羽村
79%
335.6 284.1 新潟県 佐渡市
79%
348.1 34.7 埼玉県 伊奈町
71%
329.6 44.5 埼玉県 吉見町
71%
336.4 67.1 群馬県 大泉町
71%
336.0 72.6 群馬県 太田市
71%
334.0 86.6 群馬県 みどり市
71%
332.2 180.4 新潟県 十日町市
71%
345.0 226.8 新潟県 加茂市
71%
348.6 232.3 新潟県 五泉市
71%
341.4 234.2 新潟県 弥彦村
71%
329.2 38.6 埼玉県 川島町
64%
340.7 65.7 群馬県 邑楽町
64%
345.2 59.4 群馬県 明和町
57%
338.0 62.7 群馬県 千代田町
57%
331.5 119.6 群馬県 昭和村
57%
335.9 197.4 新潟県 小千谷市
57%
341.1 215.8 新潟県 見附市
57%
334.2 123.3 群馬県 川場村
50%
340.4 127.2 群馬県 片品村
50%
327.5 174.3 新潟県 津南町
50%
336.7 222.4 新潟県 出雲崎町
50%
345.7 229.8 新潟県 田上町
50%
326.6 123.5 群馬県 高山村
36%
No matching quizzes found
Score Distribution
Percent of People with Each Score
Percentile by Number Answered
Your Score History
You have not taken this quiz